00330nam a2200121Ia 4500008004100000082002100041100001400062245004600076250000800122260004900130300001000179650001900189150201s2006 xx 000 0 und d a611.0183bM2006J aJOSE MAJI aMANUAL OF ORAL HISTOLOGY & ORAL PATHOLOGY a1ST bC.B.S PUBLISHERS & DISTRIBUTERSaDELHIc2006 a1-161 aORAL PATHOLOGY